The economics of money, banking and financial markets (Record no. 35696)

MARC details
000 -LEADER
fixed length control field 00450nam a2200181Ia 4500
020 ## - INTERNATIONAL STANDARD BOOK NUMBER
ISBN 0-321-11362-4
050 ## - CALL MARK
Classification number HG 173 .M632/
100 ## - STATEMENT OF RESPONSIBILITY--MAIN AUTHOR NAME
Personal name Federic S. Mishkin
245 #4 - TITLE STATEMENT
Title The economics of money, banking and financial markets
260 ## - PUBLICATION, DISTRIBUTION, ETC. (IMPRINT)
Place of publication Massachusetts
260 ## - PUBLICATION, DISTRIBUTION, ETC. (IMPRINT)
Name of publisher Addison Wesley
260 ## - PUBLICATION, DISTRIBUTION, ETC. (IMPRINT)
Year of publication 2003
300 ## - PHYSICAL DESCRIPTION
Number of Pages 736 p
650 ## - SUBJECT ADDED ENTRY--TOPICAL TERM
Topical Term Finance
942 ## - ADDED ENTRY ELEMENTS (KOHA)
Koha item type Books
Holdings
Withdrawn status Lost status Source of classification or shelving scheme Damaged status Not for loan Permanent Location Current Location Shelving location Date acquired Accession Number Price effective from Koha item type
    Library of Congress Classification     NILE UNIVERSITY OF NIGERIA - MAIN LIBRARY NILE UNIVERSITY OF NIGERIA - MAIN LIBRARY Items on shelf 04/23/2025 0004057 04/23/2025 Books